Welcome to CU Library Online Public Access Catalogue (OPAC)

All the kings and queens of the Bible; (Record no. 6678)

MARC details
000 -LEADER
fixed length control field 00470nam a22001571 4500
001 - CONTROL NUMBER
control field 2639237
005 - DATE AND TIME OF LATEST TRANSACTION
control field 20250625120714.0
008 - FIXED-LENGTH DATA ELEMENTS--GENERAL INFORMATION
fixed length control field 800124s1961 miub b 000 0 eng
050 00 - LIBRARY OF CONGRESS CALL NUMBER
Classification number BS579.K5
Item number L6
082 00 - DEWEY DECIMAL CLASSIFICATION NUMBER
Classification number 220.92
100 1# - MAIN ENTRY--PERSONAL NAME
Personal name Lockyer, Herbert.
245 10 - TITLE STATEMENT
Title All the kings and queens of the Bible;
Remainder of title tragedies and triumphs of royalty in past ages.
260 ## - PUBLICATION, DISTRIBUTION, ETC.
Place of publication, distribution, etc. Grand Rapids,
Name of publisher, distributor, etc. Zondervan Pub. House
Date of publication, distribution, etc. [1961]
300 ## - PHYSICAL DESCRIPTION
Extent 253 p.
Other physical details maps.
Dimensions 24 cm.
942 ## - ADDED ENTRY ELEMENTS (KOHA)
Source of classification or shelving scheme Library of Congress Classification
Koha item type Books
Suppress in OPAC No
999 ## -
-- 6678
-- 6678
Holdings
Withdrawn status Lost status Source of classification or shelving scheme Damaged status Not for loan Collection Home library Current library Shelving location Date acquired Total checkouts Full call number Barcode Date last seen Copy number Price effective from Koha item type
    Library of Congress Classification     Non-fiction Undergraduate Library (Christ Temple) Undergraduate Library (Christ Temple) General stacks 06/25/2025   BS680.03 LOC ulct00003510 06/25/2025 1 06/06/2025 Books
© 2023-2024 Copyright: Central University Libraries. All Rights Reserved | Created by: Mahone Tech Office